000 00967nam a2200277Ia 4500
003 OSt
005 20220923211223.0
006 a|||||r|||| 00| 0
007 ta
008 220922b |||||||| |||| 00| 0 hin d
020 _a9788170169949 (hbk)
_c425
024 _a324,939
037 _b25506, 13/03/2018, Kitab Ghar
_cTextual
040 _aARTS
_cARTS
_bhin
041 _2hin
_ahin
082 _aO152,3:g, Q7
100 _aअंकित, ले.
_9159914
245 0 _aअठारह उपन्यास अठारह प्रश्न
246 _aAṭhārah upanyās aṭhārah prashna
260 _aनई दिल्ली
_b किताब घर
_c2017
300 _a207पृ.
_ccm.
650 _a हिन्दी साहित्य
_9156264
650 _aहिन्दी कहानी
942 _hO152,3:g, Q7
_cTEXL
_2CC
999 _c297193
_d297193